000 00758nam a22002057a 4500
999 _c11723
_d11723
003 AR-CdUCM
008 190404b ||||| |||| 00| 0 spa d
040 _aMUNICIPALIDAD PROVINCIAL DEL CUSCO
_cBIBLIOTECA MUNICIPAL DEL CUSCO
082 _a869.521 /
_bSA22
_25ed.
100 _aSánchez, Luis Alberto
_9401
245 _aGarcilaso inca de la Vega :
_bPrimer criollo /
260 _aLima :
_bFondo del libro del banco de los andes,
_c1979.
300 _a244 páginas
_c22 cm.
505 _aContenido :Así vino -- La afrenta -- Nuestras vidas son los ríos -- Buenaventura -- Isabel Chimpu Occllo ...
650 _aHistoria del Perú
_9259
650 _aInca Garcilaso de la Vega
_9300
650 _aBiografias
_9148
942 _2ddc
_cLIBROS
945 _arum